Peanut butter and jelly : (Record no. 3476)

MARC details
000 -LEADER
fixed length control field 00974cam a2200277 a 4500
005 - DATE AND TIME OF LATEST TRANSACTION
control field 20240311111831.0
020 ## - INTERNATIONAL STANDARD BOOK NUMBER
International Standard Book Number 9780140548525
040 ## - CATALOGING SOURCE
Original cataloging agency DLC
Transcribing agency DLC
Modifying agency DLC
Language of cataloging eng
050 00 - LIBRARY OF CONGRESS CALL NUMBER
Classification number GV1218.H35
Item number 1987
082 00 - DEWEY DECIMAL CLASSIFICATION NUMBER
Classification number 793.4
100 1# - MAIN ENTRY--PERSONAL NAME
Personal name Westcott, Nadine Bernard
245 10 - TITLE STATEMENT
Title Peanut butter and jelly :
Remainder of title a play rhyme /
Statement of responsibility, etc. illustrated by Nadine Bernard Westcott
250 ## - EDITION STATEMENT
Edition statement First edition
260 ## - PUBLICATION, DISTRIBUTION, ETC.
Place of publication, distribution, etc. London :
Name of publisher, distributor, etc. Puffin Books ,
Date of publication, distribution, etc. 1987
300 ## - PHYSICAL DESCRIPTION
Extent 24 unnumbered pages :
Other physical details color illustrations ;
Dimensions 21 cm.
505 ## - FORMATTED CONTENTS NOTE
Formatted contents note H <br/>
520 ## - SUMMARY, ETC.
Summary, etc. Rhyming text and illustrations explain how to make a peanut butter jelly sandwich. Includes instructions for accompanying hand and foot motions at the end of the book.
521 ## - TARGET AUDIENCE NOTE
Target audience note 430 <br/>
Source Lexile estimate <br/>
521 ## - TARGET AUDIENCE NOTE
Target audience note H <br/>
Source Raz-Plus <br/>
650 #0 - SUBJECT ADDED ENTRY--TOPICAL TERM
Topical term or geographic name entry element Hand games
General subdivision Juvenile literature
650 #1 - SUBJECT ADDED ENTRY--TOPICAL TERM
Topical term or geographic name entry element Finger play
650 #1 - SUBJECT ADDED ENTRY--TOPICAL TERM
Topical term or geographic name entry element Games
906 ## - LOCAL DATA ELEMENT F, LDF (RLIN)
a 7
b cbc
c orignew
d 1
e ocip
f 19
g y-gencatlg
942 ## - ADDED ENTRY ELEMENTS (KOHA)
Source of classification or shelving scheme Dewey Decimal Classification
Koha item type Books
Suppress in OPAC No
999 ## -
-- 3476
-- 3476
Holdings
Withdrawn status Lost status Source of classification or shelving scheme Damaged status Not for loan Collection Home library Current library Shelving location Date acquired Total Checkouts Full call number Barcode Date last seen Date last checked out Price effective from Koha item type
    Dewey Decimal Classification     Juvenile Fiction Footprints International School Library Network Toul Kork Campus Footprints International School Library Network Toul Kork Campus   03/11/2024 1 WES 793.4 GV1218.H35 FISBK07186 04/08/2024 03/25/2024 03/11/2024 Books